| 000 | 00377nam a2200169Ia 4500 | ||
|---|---|---|---|
| 003 | IT-RoPAU | ||
| 008 | 120407s9999 xx 000 0 und d | ||
| 040 | _aIT-RoPAU | ||
| 040 | _cIT-RoPAU | ||
| 100 | _aPaul Wernle | ||
| 245 | _aLa rinascita del cristianesimo nel secolo XVI | ||
| 250 | _aFirenze | ||
| 260 | _aNuova Italia | ||
| 300 | _c cm | ||
| 490 | _v1 | ||
| 942 | _cBK | ||
| 999 |
_c8912 _d8912 |
||